SHOE DOG (Record no. 8814)
[ view plain ]
| 000 -LEADER | |
|---|---|
| fixed length control field | 00618nam a22001577a 4500 |
| 020 ## - INTERNATIONAL STANDARD BOOK NUMBER | |
| ISBN | 978-1-4711-4672-5 |
| 082 ## - DEWEY DECIMAL CLASSIFICATION NUMBER | |
| Classification number | 920 |
| Item number | KNI/S |
| 100 ## - MAIN ENTRY--AUTHOR NAME | |
| Personal name | KNIGHT, PHIL |
| 245 ## - TITLE STATEMENT | |
| Title | SHOE DOG |
| 246 ## - VARYING FORM OF TITLE | |
| Title proper/short title | SHOE DOG |
| Remainder of title | SHOE DOG |
| 260 ## - PUBLICATION, DISTRIBUTION, ETC. (IMPRINT) | |
| Place of publication | LONDON |
| Name of publisher | SIMON& SCHUSTER |
| Year of publication | 1988 |
| 300 ## - PHYSICAL DESCRIPTION | |
| Number of Pages | 386 |
| 520 ## - SUMMARY, ETC. | |
| Summary, etc | hoe Dog is a first-person memoir written by Nike co-founder Phil Knight. It was published in 2016. Shoe Dog primarily recounts the events from 1962, the year Knight traveled around the world as a young man, to 1980, the year Nike went public and Knight became a multimillionaire. |
| 650 ## - SUBJECT ADDED ENTRY--TOPICAL TERM | |
| Topical Term | MEMOIR IN ENGLISH |
| 942 ## - ADDED ENTRY ELEMENTS (KOHA) | |
| Koha item type | Books |
| Withdrawn status | Lost status | Collection code | Home library | Current library | Date acquired | Source of acquisition | Cost, normal purchase price | Full call number | Accession Number | Koha item type |
|---|---|---|---|---|---|---|---|---|---|---|
| Non-fiction | Main Library | Main Library | 07/03/2024 | PURCHASED | 499.00 | 920 KNI/S | 13571 | Books |